| 000 | 00989cab a2200313 4500 | ||
|---|---|---|---|
| 001 | ABS56670 | ||
| 008 | 090401t1997 xxu||||| |||| 00| 0 eng d | ||
| 035 | _a(Sirsi) u77241 | ||
| 041 | _aeng | ||
| 245 | _aCost model: high-quality residential apartments | ||
| 260 | _c1997 | ||
| 350 | _a0 | ||
| 490 |
_aProcurement _vMarch 1997, 11-18(8) |
||
| 520 | _aA cost model of high quality residential apartments which examines the housing market, purchaser requirements, design, energy efficiency, brownfield sites, affordable housing and a detailed cost breakdown. | ||
| 650 | _aAPARTMENTS | ||
| 650 | _aBROWNFIELD SITES | ||
| 650 | _aCOST MODEL | ||
| 650 | _aCOST MODELS | ||
| 650 | _aDAVIS LANGDON & EVEREST | ||
| 650 | _aDESIGN | ||
| 650 | _aENERGY EFFICIENCY | ||
| 650 | _aFLATS | ||
| 650 | _aProcurement-old | ||
| 650 | _aPURCHASER REQUIREMENTS | ||
| 650 | _aRESIDENTIAL SECTOR | ||
| 690 | _aBUILT ENVIRONMENT-BUILDING COSTS | ||
| 942 | _n0 | ||
| 948 | _c20/03/1997 | ||
| 999 |
_c48559 _d48559 |
||